| 000 | 00436cam a22001337a 4500 | ||
|---|---|---|---|
| 008 | 180718b2000 xxu||||| |||| 00| 0 eng d | ||
| 020 | _a0821348329 | ||
| 245 | _aPrivate solutions for infrastructure: opportunities for Vietnam | ||
| 260 |
_aWashington, D.C. _bWorld Bank _c2000 |
||
| 300 | _a84p. | ||
| 650 | _aVietnam --Economic policy --1975- | ||
| 650 | _aGovernment business enterprises --Vietnam | ||
| 650 | _aPrivatization --Vietnam | ||
| 999 |
_c284832 _d284832 |
||